000
00204 a2200109 4500
020
_a
1572575840
041
_a
spa
100
_a
Dunbier, Sally
245
_a
El color azul
942
_c
BK
999
_c
29704
_d
29702
999
_d
29702